| 000 | 01597cam a2200457Ma 4500 | ||
|---|---|---|---|
| 001 | 453588 | ||
| 003 | GBCCL | ||
| 005 | 20241126110350.0 | ||
| 008 | 890428s1979 cau b u001 0 eng d | ||
| 010 | _a 78075041 | ||
| 020 | _a0918956579 | ||
| 020 | _a9780918956576 | ||
| 020 | _a0918956463 (pbk.) | ||
| 020 | _a9780918956460 (pbk.) | ||
| 029 | 0 |
_aAU@ _b000023873695 |
|
| 035 | _a(OCoLC)ocn223339684 | ||
| 035 |
_a(OCoLC)223339684 _z(OCoLC)731269520 |
||
| 040 |
_aAU@ _beng _cAU@ _dTXBXL _dOCLCQ _dOCLCF _dOCLCO _dLBB |
||
| 049 | _aLBBA | ||
| 082 | 0 | 0 |
_a239 _bMCD |
| 090 |
_aBT 1102 _b.M3 1979 |
||
| 100 |
_a McDowell, Josh _91225 |
||
| 245 | 0 | 0 |
_aEvidence that demands a verdict : _bhistorical evidences for the Christian faith. _nVol. 1 / _ccompiled by Josh McDowell. |
| 250 | _aRev. ed. | ||
| 260 |
_aSan Bernardino, Calif. : _bHere's Life Publishers, _c1979. |
||
| 300 |
_a387 pages ; _c21 cm. |
||
| 336 |
_atext _btxt _2rdacontent |
||
| 337 |
_aunmediated _bn _2rdamedia |
||
| 338 |
_avolume _bnc _2rdacarrier |
||
| 490 | 0 | _aA Campus Crusade for Christ book | |
| 504 | _aIncludes bibliographical references and index. | ||
| 520 | _aHistorical evidences for the Christian faith. | ||
| 630 | 0 | 0 |
_aBible _xEvidences, authority, etc. _9351 |
| 630 | 0 | 7 |
_aBible. _2fast _0(OCoLC)fst01356024 _9599 |
| 650 | 0 |
_aApologetics. _985 |
|
| 650 | 7 |
_aApologetics. _2fast _0(OCoLC)fst00811449 _985 |
|
| 650 | 7 |
_aAuthority _xReligious aspects. _2fast _0(OCoLC)fst00821658 _91597 |
|
| 700 | 1 |
_aMcDowell, Josh. _91225 |
|
| 710 | 2 |
_aCampus Crusade for Christ International. _91598 |
|
| 942 |
_2ddc _cBK _015 |
||
| 999 |
_c968 _d968 |
||